Increasing student engagement and retention in e-learning environments : (Record no. 117940)
[ view plain ]
| 000 -LEADER | |
|---|---|
| fixed length control field | 00736nam a2200193Ia 4500 |
| 008 - FIXED-LENGTH DATA ELEMENTS--GENERAL INFORMATION | |
| fixed length control field | 140609s9999 xx 000 0 und d |
| 020 ## - INTERNATIONAL STANDARD BOOK NUMBER | |
| International Standard Book Number | 9781781905159 |
| 050 ## - LIBRARY OF CONGRESS CALL NUMBER | |
| Classification number | LB 1028.5 |
| Item number | .In37 2013 |
| 245 ## - TITLE STATEMENT | |
| Title | Increasing student engagement and retention in e-learning environments : |
| Remainder of title | Web 2.0 and blended learning technologies / |
| Statement of responsibility, etc | edited by Charles Wankel, Patrick Blessinger |
| 260 ## - PUBLICATION, DISTRIBUTION, ETC. (IMPRINT) | |
| Place of publication, distribution, etc | Bingley, England : |
| Name of publisher, distributor, etc | Emerald Group Publishing Limited, |
| Date of publication, distribution, etc | c2013. |
| 300 ## - PHYSICAL DESCRIPTION | |
| Extent | 423 p. : |
| Other physical details | ill. ; |
| Dimensions | 23 cm. |
| 440 ## - SERIES STATEMENT/ADDED ENTRY--TITLE | |
| Title | (Cutting-edge technologies in higher education). |
| 500 ## - GENERAL NOTE | |
| General note | Includes bibliographical references and index. |
| 521 ## - TARGET AUDIENCE NOTE | |
| Target audience note | |
| 650 ## - SUBJECT ADDED ENTRY--TOPICAL TERM | |
| General subdivision | Computers. |
| 650 ## - SUBJECT ADDED ENTRY--TOPICAL TERM | |
| General subdivision | Educational software. |
| 942 ## - ADDED ENTRY ELEMENTS (KOHA) | |
| Call number prefix | Foreign |
| Koha item type | Books |
| Withdrawn status | Lost status | Damaged status | Home library | Current library | Shelving location | Date acquired | Cost, normal purchase price | Total Checkouts | Total Renewals | Full call number | Barcode | Date last seen | Date checked out | Price effective from | Koha item type |
|---|---|---|---|---|---|---|---|---|---|---|---|---|---|---|---|
| College Library | College Library | Reserve Section | 06/09/2014 | 6799.00 | 1 | 1 | LB 1028.5 .In37 2013 | C18228 | 09/29/2025 | 07/30/2025 | 06/09/2014 | Books |